| 000 | 00372pab a2200157 454500 | ||
|---|---|---|---|
| 008 | 180718b1988 xxu||||| |||| 00| 0 eng d | ||
| 100 | _aKulkarni, M.R | ||
| 245 | _aInvestment lacked pragmatism during Sixth Plan | ||
| 260 | _c1988 | ||
| 300 | _a22-6 | ||
| 362 | _a16 Sep. | ||
| 650 | _aInvestments | ||
| 700 | _aSateesh Kulkarni | ||
| 773 | _aYojana | ||
| 909 | _a11335 | ||
| 999 |
_c11335 _d11335 |
||